It looks like you're offline.
Open Library logo
additional options menu

MARC record from Internet Archive

LEADER: 00988nam 2200289Mi 4500
001 on1244841200
003 OCoLC
005 20210625185147.0
008 980415s1996 xx o 000 0 eng d
006 m o d
007 cr |||||||||||
040 $aINARC$beng$cINARC
020 $z1856133664
035 $a(OCoLC)1244841200
082 04 $a641.5951
100 1 $aHom, Ken.
245 10 $aKen Hom's Hot Wok :$bIll. /$cKen Hom.
260 $a[Place of publication not identified] :$bTed Smart,$c1996.
300 $a1 online resource
336 $atext$btxt$2rdacontent
337 $aunmediated$bn$2rdamedia
653 $aChinese cookery
856 40 $uhttps://archive.org/details/kenhomshotwokill0000homk$zFree eBook from the Internet Archive
856 40 $uhttps://openlibrary.org/books/OL19219291M$zAdditional information and access via Open Library
938 $aInternet Archive$bINAR$nkenhomshotwokill0000homk
994 $aZ0$bP4A
948 $hNO HOLDINGS IN P4A - 8 OTHER HOLDINGS